<?xml version='1.0' encoding='UTF-8'?><?xml-stylesheet href='static/style.xsl' type='text/xsl'?><OAI-PMH xmlns="http://www.openarchives.org/OAI/2.0/" xmlns:xsi="http://www.w3.org/2001/XMLSchema-instance" xsi:schemaLocation="http://www.openarchives.org/OAI/2.0/ http://www.openarchives.org/OAI/2.0/OAI-PMH.xsd"><responseDate>2026-04-30T21:22:07Z</responseDate><request verb="GetRecord" identifier="oai:ebiltegia.mondragon.edu:20.500.11984/4022" metadataPrefix="marc">https://ebiltegia.mondragon.edu/oai/request</request><GetRecord><record><header><identifier>oai:ebiltegia.mondragon.edu:20.500.11984/4022</identifier><datestamp>2024-01-04T21:56:53Z</datestamp><setSpec>com_20.500.11984_1736</setSpec><setSpec>com_20.500.11984_1627</setSpec><setSpec>col_20.500.11984_1972</setSpec></header><metadata><record xmlns="http://www.loc.gov/MARC21/slim" xmlns:dcterms="http://purl.org/dc/terms/" xmlns:xsi="http://www.w3.org/2001/XMLSchema-instance" xmlns:doc="http://www.lyncode.com/xoai" xsi:schemaLocation="http://www.loc.gov/MARC21/slim http://www.loc.gov/standards/marcxml/schema/MARC21slim.xsd">
   <leader>00925njm 22002777a 4500</leader>
   <datafield ind2=" " ind1=" " tag="042">
      <subfield code="a">dc</subfield>
   </datafield>
   <datafield ind2=" " ind1=" " tag="720">
      <subfield code="a">Mondragon Unibertsitatea</subfield>
      <subfield code="e">author</subfield>
   </datafield>
   <datafield ind2=" " ind1=" " tag="260">
      <subfield code="c">2014-10-13</subfield>
   </datafield>
   <datafield ind2=" " ind1=" " tag="520">
      <subfield code="a">Mondragon Unibertsitateko beste fakultateekin batera, Humanitate eta Hezkuntza Zientzien Fakultateak bat egingo du Eusko Jaurlaritzak bultzatutako Lehen Aukera beken kudeaketan.&#xd;
Lanbide Euskal Enplegu Zerbitzuak bideratutako beka horien helburua da, praktika ordainduen bidez, enplegagarritasuna aukerak handitzea titulua edo prestakuntza duten gazte langabeen artean.</subfield>
   </datafield>
   <datafield ind2=" " ind1=" " tag="520">
      <subfield code="a">La Facultad de Humanidades y Ciencias de la Educación, junto con las otras facultades  de Mondragon Unibertsitatea, colaborará con el Gobierno Vasco en las gestión de las becas Lehen Aukera. Las becas gestionadas por Servicio Vasco de Empleo Lanbide, tienen como objetivo impulsar, por medio de practicas retribuidas, la empleabilidad de jóvenes desempleados.</subfield>
   </datafield>
   <datafield ind2=" " ind1=" " tag="520">
      <subfield code="a">The Faculty of Humanities and Education, along with the other faculties of Mondragon University, are working with the Basque Government in the management of  "Lehen Aukera" grants. These funds, managed by the Lanbide Basque Employment Service, aims to improve the employability of unemployed youth through work experience.</subfield>
   </datafield>
   <datafield ind1="8" ind2=" " tag="024">
      <subfield code="a">https://hdl.handle.net/20.500.11984/4022</subfield>
   </datafield>
   <datafield tag="653" ind2=" " ind1=" ">
      <subfield code="a">Humanitate eta Hezkuntza Zientzien Fakultatea</subfield>
   </datafield>
   <datafield ind2="0" ind1="0" tag="245">
      <subfield code="a">Humanitate eta Hezkuntza Zientzien Fakultatea "erakunde kolaboratzailea" izango da Eusko Jaurlaritzak bultzatutako Lehen Aukera beken kudeaketan</subfield>
   </datafield>
   <datafield ind2="0" ind1="0" tag="245">
      <subfield code="a">La Facultad de Humanidades y Ciencias de la Educación colaborará con el Gobierno Vasco en las gestión de las becas Lehen Aukera</subfield>
   </datafield>
   <datafield ind2="0" ind1="0" tag="245">
      <subfield code="a">The Faculty of Humanities and Education will work with the Basque Government in the management of "Lehen Aukera" grants</subfield>
   </datafield>
</record></metadata></record></GetRecord></OAI-PMH>